Silogismos de la amargura / (Record no. 183211)

MARC details
000 -LEADER
campo de control de longitud fija 00726nam a2200241 i 4500
001 - NÚMERO DE CONTROL
campo de control 183211
003 - IDENTIFICADOR DE NÚMERO DE CONTROL
campo de control ES-MaACL
005 - FECHA Y HORA DE LA ÚLTIMA TRANSACCIÓN
campo de control 20240429125759.0
008 - DATOS DE LONGITUD FIJA--INFORMACIÓN GENERAL
campo de control de longitud fija 140130s1990 sp |||| ||spa d
020 ## - NÚMERO INTERNACIONAL ESTÁNDAR DEL LIBRO
Número Internacional Estándar del Libro 84-7223-178-X
080 ## - NÚMERO DE LA CLASIFICACIÓN DECIMAL UNIVERSAL
Número de la Clasificación Decimal Universal 821.133.1-96"19"
100 1# - ENTRADA PRINCIPAL--NOMBRE DE PERSONA
Nombre de persona Cioran, E. M.
9 (RLIN) 38864
245 10 - MENCIÓN DEL TÍTULO
Título Silogismos de la amargura /
Mención de responsabilidad, etc. E. M. Cioran ; traducción de Rafael Panizo.
250 ## - MENCION DE EDICION
Mención de edición [1ª ed. ].
260 ## - PUBLICACIÓN, DISTRIBUCIÓN, ETC.
Lugar de publicación, distribución, etc. Barcelona :
Nombre del editor, distribuidor, etc. Tusquets,
Fecha de publicación, distribución, etc. 1990.
300 ## - DESCRIPCIÓN FÍSICA
Extensión 147 p. ;
Dimensiones 21 cm.
490 1# - MENCIÓN DE SERIE
Mención de serie Marginales ;
Designación de volumen o secuencia 109
700 11 - ENTRADA AGREGADA--NOMBRE PERSONAL
Nombre de persona Panizo, Rafael.
9 (RLIN) 88795
830 00 - PUNTO DE ACCESO ADICIONAL DE SERIE-TÍTULO UNIFORME
Título uniforme Marginales ;
Designación de volumen o secuencia 109
9 (RLIN) 236110
852 ## - LOCALIZACIÓN
Ubicación ES-MaACL
Número de control de estantería L-30048
Nota libre .- Donat. Miguel A. Velasco
942 ## - ELEMENTOS DE ENTRADA SECUNDARIOS (KOHA)
Fuente del sistema de clasificación o colocación Clasificación decimal universal
Holdings
Estatus retirado Estado de pérdida Estado de daño No para préstamo Biblioteca de origen Biblioteca actual Ubicación en estantería Fecha de adquisición Fuente de adquisición Total de préstamos Signatura topográfica completa Código de barras Visto por última vez Precio de reemplazo Tipo de ítem Koha
        Biblioteca del Ateneo de Madrid Biblioteca del Ateneo de Madrid Depósito 2 30/01/2014     L-30048 1192556 23/02/2023 23/02/2023 Libro impreso